হোসেন শহীদ সোহ্ রাওয়ার্দী / (Record no. 9483)
[ view plain ]
| 000 -LEADER | |
|---|---|
| fixed length control field | 00768nam a22002297a 4500 |
| 001 - CONTROL NUMBER | |
| JCCL Control Number | 9483 |
| 003 - CONTROL NUMBER IDENTIFIER | |
| JCCL marc code | BD-JhCC |
| 005 - DATE AND TIME OF LATEST TRANSACTION | |
| control field | 20180521102235.0 |
| 008 - FIXED-LENGTH DATA ELEMENTS--GENERAL INFORMATION | |
| fixed length control field | 180315b1964 bg ||||| |||| 00| 0 ben d |
| 035 ## - SYSTEM CONTROL NUMBER | |
| system control number | (BD-JhCC)9483 |
| 040 ## - CATALOGING SOURCE | |
| Original cataloging agency | BD-JhCC |
| Modifying agency | BD-JhCC |
| 041 ## - LANGUAGE CODE | |
| Language code of Book | ben |
| 082 ## - DEWEY DECIMAL CLASSIFICATION NUMBER | |
| Classification number | 923.2547 |
| Author mark and Year | ASR 1964 |
| 100 ## - MAIN ENTRY--PERSONAL NAME | |
| Personal name | আশরাফ, শহীদ |
| 245 ## - TITLE STATEMENT | |
| Title | হোসেন শহীদ সোহ্ রাওয়ার্দী / |
| Statement of responsibility, etc | শহীদ আশরাফ এবং এ, কে. এম, শহীদুল হক |
| 260 ## - PUBLICATION, DISTRIBUTION, ETC. (IMPRINT) | |
| Place of publication, distribution, etc | ঢাকা: |
| Name of publisher, distributor, etc | শহীদ পাবলিকেশন |
| Date of publication, distribution, etc | 1964. |
| 300 ## - PHYSICAL DESCRIPTION | |
| Pagination | 272 p. : |
| Other physical details | ii |
| Dimensions | 22 cm. |
| 650 ## - SUBJECT ADDED ENTRY--TOPICAL TERM | |
| Topical term or geographic name as entry element | Biography |
| 700 ## - ADDED ENTRY--PERSONAL NAME | |
| Personal name | হক, এ, কে. এম, শহীদুল |
| 942 ## - ADDED ENTRY ELEMENTS (KOHA) | |
| Source of classification or shelving scheme | Dewey Decimal Classification |
| Koha item type | Books |
| Source of classification or shelving scheme | Damaged status | Not for loan | Home library | Current library | Shelving location | Date of accession | Cost, normal purchase price | Total Checkouts | Full call number | Barcode | Date last seen | Copy number | Koha item type |
|---|---|---|---|---|---|---|---|---|---|---|---|---|---|
| Dewey Decimal Classification | JCC Rouf Library | JCC Rouf Library | General Stacks | 03/15/2018 | 5.00 | 923.2547 ASR 1964 | 12574 | 03/15/2018 | C-1 | Books |